00573cam a22001575i 4500008004100000020002500041100002300066245016600089250001200255264006900267300002300336650002900359003000100388005001700389040000900406  a9780797478664 (pbk.)1 aMucheche, Caleb H.10aLaw and practice at the Labour Court of Zimbabwe :bcommentary on the Labour Court rules of Zimbabwe : statutory instrument 150 of 2017 /cby Caleb H. Mucheche. a4th ed. 1aHarare :bZimlaw Trust, African Legal Resources Dominion,c2018. axii, 116 ;c25 cm. aLabour courtszZimbabwe.20230123141135.0 cNUST